000 00581nam a2200217Ii 4500
003 JO-AjNU
008 230606s9999||||xx |||||||||||||| ||und||
020 _a0-7108-0514-4
040 _aJO-AjNU
_beng
_erda
_cJO-AjNU
041 _aeng
050 1 4 _aPR2895. R9 1989
100 3 _aRyan , Kiernan,
_eauthor
_95472
245 0 0 _aShakespeare
250 _a1 ed
264 3 1 _aNew York : Harvester Whatsheaf , 1989
300 _a130p
336 _atext
_btxt
_2rdacontent
337 _aunmediated
_bn
_2rdamedia
338 _avolume
_bnc
_2rdacarrier
650 4 _aShakespeare
_95473
999 _aE2828
_c2826
_d2826